<?xml version="1.0" encoding="UTF-8"?>
<record
    xmlns:xsi="http://www.w3.org/2001/XMLSchema-instance"
    xsi:schemaLocation="http://www.loc.gov/MARC21/slim http://www.loc.gov/standards/marcxml/schema/MARC21slim.xsd"
    xmlns="http://www.loc.gov/MARC21/slim">

  <leader>02419cam a22004094i 4500</leader>
  <controlfield tag="003">PE-LiUPU</controlfield>
  <controlfield tag="005">20251009110823.0</controlfield>
  <controlfield tag="008">2306s2025    sp a    rb    001 0 spa d</controlfield>
  <datafield tag="020" ind1=" " ind2=" ">
    <subfield code="a">9788411061414</subfield>
  </datafield>
  <datafield tag="020" ind1=" " ind2=" ">
    <subfield code="a">9788411061421 </subfield>
    <subfield code="q">(versi&#xF3;n digital)</subfield>
  </datafield>
  <datafield tag="035" ind1=" " ind2=" ">
    <subfield code="a">PE-LiUPU000014</subfield>
  </datafield>
  <datafield tag="040" ind1=" " ind2=" ">
    <subfield code="a">PE-LiUPU</subfield>
    <subfield code="b">spa</subfield>
    <subfield code="c">PE-LiUPU</subfield>
    <subfield code="e">rda</subfield>
  </datafield>
  <datafield tag="082" ind1="0" ind2="4">
    <subfield code="a">616.029</subfield>
    <subfield code="b">T776</subfield>
    <subfield code="2">23</subfield>
  </datafield>
  <datafield tag="245" ind1="0" ind2="0">
    <subfield code="a">Tratado de cuidados paliativos /</subfield>
    <subfield code="c">directores M. B. Dom&#xED;nguez Fuentes, M. Mart&#xED;n Zamorano, M. E. de la Hoz Adame y V. Rivas Jim&#xE9;nez.</subfield>
  </datafield>
  <datafield tag="264" ind1=" " ind2="1">
    <subfield code="a">Madrid, Espa&#xF1;a :</subfield>
    <subfield code="b">Editorial M&#xE9;dica Panamericana,</subfield>
    <subfield code="c">2025.</subfield>
  </datafield>
  <datafield tag="300" ind1=" " ind2=" ">
    <subfield code="a">785 p&#xE1;ginas :</subfield>
    <subfield code="b">ilustraciones a color ;</subfield>
    <subfield code="c">29 cm</subfield>
    <subfield code="e">1 versi&#xF3;n digital.</subfield>
  </datafield>
  <datafield tag="336" ind1=" " ind2=" ">
    <subfield code="a">text</subfield>
    <subfield code="2">rdacontent</subfield>
  </datafield>
  <datafield tag="337" ind1=" " ind2=" ">
    <subfield code="a">unmediated</subfield>
    <subfield code="2">rdamedia</subfield>
  </datafield>
  <datafield tag="338" ind1=" " ind2=" ">
    <subfield code="a">volume</subfield>
    <subfield code="2">rdacarrier</subfield>
  </datafield>
  <datafield tag="500" ind1=" " ind2=" ">
    <subfield code="a">Incluye acceso a versi&#xF3;n digital en l&#xED;nea (Mi Eureka).</subfield>
  </datafield>
  <datafield tag="504" ind1=" " ind2=" ">
    <subfield code="a">Incluye referencias bibliogr&#xE1;ficas e &#xED;ndice anal&#xED;tico.</subfield>
  </datafield>
  <datafield tag="505" ind1="0" ind2=" ">
    <subfield code="a">Generalidades -- Cuidados paliativos en oncolog&#xED;a. Terapias de soporte -- Control de s&#xED;ntomas en cuidados paliativos -- Cuidados paliativos en patolog&#xED;as espec&#xED;ficas -- Enfermer&#xED;a en cuidados paliativos -- Abordaje psicosocial en cuidados paliativos -- Aspectos &#xE9;ticos y legales al final de la vida -- &#xCD;ndice anal&#xED;tico.</subfield>
  </datafield>
  <datafield tag="520" ind1=" " ind2=" ">
    <subfield code="a">Obra integral y multidisciplinaria que aborda los principios, pr&#xE1;cticas cl&#xED;nicas, aspectos &#xE9;ticos, legales y psicosociales de los cuidados paliativos. Incluye tem&#xE1;ticas sobre atenci&#xF3;n en enfermedades cr&#xF3;nicas avanzadas, dolor, duelo, acompa&#xF1;amiento psicol&#xF3;gico, espiritualidad, eutanasia y m&#xE1;s. Dirigido a m&#xE9;dicos, enfermeros, psic&#xF3;logos y profesionales de la salud.</subfield>
  </datafield>
  <datafield tag="650" ind1="1" ind2="4">
    <subfield code="a">Cuidados paliativos</subfield>
    <subfield code="x">Enfermos de c&#xE1;ncer.</subfield>
    <subfield code="9">6945</subfield>
  </datafield>
  <datafield tag="650" ind1="2" ind2="4">
    <subfield code="a">Medicina paliativa</subfield>
    <subfield code="x">Manuales.</subfield>
    <subfield code="9">6941</subfield>
  </datafield>
  <datafield tag="650" ind1="2" ind2="4">
    <subfield code="a">Enfermos terminales</subfield>
    <subfield code="x">Cuidados y tratamiento.</subfield>
    <subfield code="9">6947</subfield>
  </datafield>
  <datafield tag="650" ind1="2" ind2="4">
    <subfield code="a">Psicolog&#xED;a cl&#xED;nica.</subfield>
    <subfield code="9">1930</subfield>
  </datafield>
  <datafield tag="655" ind1=" " ind2="7">
    <subfield code="a">Manuales.</subfield>
    <subfield code="2">rdfs</subfield>
  </datafield>
  <datafield tag="700" ind1=" " ind2=" ">
    <subfield code="a">Dom&#xED;nguez Fuentes, Mar&#xED;a Bel&#xE9;n,</subfield>
    <subfield code="e">directora.</subfield>
    <subfield code="9">7099</subfield>
  </datafield>
  <datafield tag="700" ind1=" " ind2=" ">
    <subfield code="a">Mart&#xED;n Zamorano, Marina,</subfield>
    <subfield code="e">directora.</subfield>
    <subfield code="9">7100</subfield>
  </datafield>
  <datafield tag="700" ind1=" " ind2=" ">
    <subfield code="a">De la Hoz Adame, Mar&#xED;a Eugenia,</subfield>
    <subfield code="e">directora.</subfield>
    <subfield code="9">7101</subfield>
  </datafield>
  <datafield tag="700" ind1=" " ind2=" ">
    <subfield code="a">Rivas Jim&#xE9;nez, V&#xED;ctor Joaqu&#xED;n,</subfield>
    <subfield code="e">director.</subfield>
    <subfield code="9">7102</subfield>
  </datafield>
  <datafield tag="710" ind1=" " ind2=" ">
    <subfield code="a">Editorial M&#xE9;dica Panamericana,</subfield>
    <subfield code="e">editor.</subfield>
    <subfield code="9">6616</subfield>
  </datafield>
  <datafield tag="856" ind1="4" ind2="0">
    <subfield code="u">https://www.medicapanamericana.com</subfield>
    <subfield code="z">Sitio web de la editorial.</subfield>
  </datafield>
  <datafield tag="942" ind1=" " ind2=" ">
    <subfield code="2">ddc</subfield>
    <subfield code="c">BK</subfield>
  </datafield>
  <datafield tag="980" ind1=" " ind2=" ">
    <subfield code="6">21515</subfield>
    <subfield code="a">ROMINA COBOS Adquisiciones</subfield>
    <subfield code="8">18226</subfield>
    <subfield code="g">Jaime Vilcaz&#xE1;n Jefe de An&#xE1;lisis Documental</subfield>
  </datafield>
  <datafield tag="999" ind1=" " ind2=" ">
    <subfield code="c">63095</subfield>
    <subfield code="d">63094</subfield>
  </datafield>
  <datafield tag="952" ind1=" " ind2=" ">
    <subfield code="r">2025-12-03 00:00:00</subfield>
    <subfield code="l">0</subfield>
    <subfield code="o">616.029 T776</subfield>
    <subfield code="p">82808</subfield>
    <subfield code="t">e1</subfield>
    <subfield code="w">2025-10-09</subfield>
    <subfield code="x">FCS</subfield>
    <subfield code="y">BK</subfield>
    <subfield code="1">0</subfield>
    <subfield code="2">ddc</subfield>
    <subfield code="5">0</subfield>
    <subfield code="7">0</subfield>
    <subfield code="8">GEN</subfield>
    <subfield code="f">SEG43</subfield>
    <subfield code="a">BUL</subfield>
    <subfield code="b">BUL</subfield>
    <subfield code="c">GEN</subfield>
    <subfield code="d">2025-10-07</subfield>
    <subfield code="e">COMPRA</subfield>
    <subfield code="g">220.00</subfield>
  </datafield>
</record>
